| 000 | 00466nam a22001817a 4500 | ||
|---|---|---|---|
| 999 |
_c533365 _d533365 |
||
| 003 | NUST | ||
| 005 | 20191227111356.0 | ||
| 008 | 191227b ||||| |||| 00| 0 eng d | ||
| 020 | _a006117386X | ||
| 024 | _a978-0061173868 | ||
| 038 | _aMSOHAIL | ||
| 082 | _a303.62509 | ||
| 100 |
_aMichael Burleigh _927205 |
||
| 245 | _aBlood and Rage: A Cultural History of Terrorism | ||
| 260 |
_aLondon _bHarper Perennial; _cc2008 |
||
| 300 | _a545;p; | ||
| 942 |
_2ddc _cBK |
||